Catálogo

Vista normal Vista MARC

Entrada Personal Name

Número de registros utilizados en: 1

001 - CONTROL NUMBER

  • control field: 10775

003 - CONTROL NUMBER IDENTIFIER

  • control field: DLC

005 - DATE AND TIME OF LATEST TRANSACTION

  • control field: 20200318123902.0

008 - FIXED-LENGTH DATA ELEMENTS

  • fixed length control field: 890323n| azannaabn |a aad

010 ## - LIBRARY OF CONGRESS CONTROL NUMBER

  • LC control number: n 89617407

035 ## - SYSTEM CONTROL NUMBER

  • System control number: (OCoLC)oca02486890

040 ## - CATALOGING SOURCE

  • Original cataloging agency: DLC
  • Language of cataloging: spa
  • Description conventions: rda
  • Transcribing agency: Mx-PuUPA
  • Modifying agency: DLC
  • Modifying agency: OCoLC
  • Modifying agency: ICrlF
  • Modifying agency: Mx-PuUPA

046 ## - SPECIAL CODED DATES

  • Birth date: 1923
  • Source of date scheme: edtf

100 1# - HEADING--PERSONAL NAME

  • Personal name: Vázquez-Vigo, Carmen,
  • Dates associated with a name: 1923-

370 ## - ASSOCIATED PLACE

  • Place of birth: Buenos Aires (Argentina)
  • Source of term: naf

374 ## - OCCUPATION

  • Occupation: Actresses
  • Occupation: Storytellers
  • Occupation: Dramatists
  • Occupation: Translators
  • Occupation: Author
  • Source of term: lcsh

375 ## - GENDER

  • Gender: Women
  • Source of term: lcsh

377 ## - ASSOCIATED LANGUAGE

  • Language code: spa

400 1# - SEE FROM TRACING--PERSONAL NAME

  • Personal name: Vigo, Carmen Vázquez-
  • Dates associated with a name: 1923-

670 ## - SOURCE DATA FOUND

  • Source citation: nuc89-30598: Her Animales charlatanes, 1980
  • Information found: (hdg. on AzU rept.: Vázquez-Vigo, Carmen; usage: Carmen Vázquez-Vigo)

670 ## - SOURCE DATA FOUND

  • Source citation: Wikipedia, June 20, 2016
  • Information found: (Carmen Vázquez-Vigo ; born 1923, Buenos Aires, Argentina ; actress, storyteller, playwright and translator)

670 ## - SOURCE DATA FOUND

  • Source citation: Gafitas, 2017:
  • Information found: t.p. (Carmen Vázquez-Vigo) de portada

670 ## - SOURCE DATA FOUND

  • Source citation: Biblioteca del congreso (Estados Unidos), 18 marzo 2020:
  • Information found: . Catálogo electrónico
  • Uniform Resource Identifier: http://bit.ly/391cVck